Unscramble Band Names - Statistics

General Stats
  • This quiz has been taken 80 times
  • The average score is 7 of 20
Answer Stats
Scrambled Unscrambled % Correct
PIYL LNFOD PINK FLOYD
94%
RAIDADHOE RADIOHEAD
70%
BBCHS EAOY BEACH BOYS
67%
KACLH BSBBAAT BLACK SABBATH
58%
DPRE EEUPPL DEEP PURPLE
55%
OHD IEE CPLHI SETRPPR RED HOT CHILI PEPPERS
55%
DFL RPPEDAE DEF LEPPARD
52%
PJAME ALR PEARL JAM
39%
SIER TRSDAIST DIRE STRAITS
34%
TEELWCDOF MOA FLEETWOOD MAC
30%
EYEGA RND GREEN DAY
27%
OSLNRSO ENGILT ROLLING STONES
23%
AHKSMSSP MIGNINUP SMASHING PUMPKINS
22%
INPLRI KANK LINKIN PARK
20%
SETIDSW RTEITS TWISTED SISTER
20%
REAOIHSTM AEROSMITH
19%
EXJX IEEEIHC ENMNDIRRPI JIMI HENDRIX EXPERIENCE
19%
SYEDTA NLE STEELY DAN
13%
RINN AEDIMO IRON MAIDEN
9%
ATMEIK SCROCNY ARCTIC MONKEYS
5%
No matching quizzes found
Score Distribution
Percent of People with Each Score
Percentile by Number Answered
Your Score History
You have not taken this quiz